000
00246nam a22001097a 4500
082
_a
823
_b
PRA/C
100
_a
PRAN
245
_a
CHACHA CHOUDHARY( 2)
246
_a
CHACHA CHOUDHARY( 2)
_b
CHACHA CHOUDHARY( 2)
650
_a
ENGLISH STORY
942
_c
BK
999
_c
8785
_d
8785